000 01582nam a2200409 i 4500
003 DO-SdBNP
005 20230428105002.0
007 ta
008 210517e2020 xxu ||gr|||| 001 edspa d
020 _a9789945806830
040 _aDO-SdBNP
_bspa
_cBNPHU
_erda
041 1 7 _heng
082 4 _bP438f
_222
100 1 _976194
_aPérez Perdomo, Jesús Manuel
245 1 0 _aFor the love of God /
_ba journey in search of the truth through the mysteries of the bible
_cJesús Manuel Pérez
264 _aEstados Unidos :
_bs.n.,
_c2020.
300 _a120 páginas ;
_c23 cm.
336 _2rdacontent
_atexto
_btxt
337 _2rdamedia
_asin mediación
_bn
338 _2rdacarrier
_avolumen
_bnc
490 1 _aManuel's notebook:A journery of Self-Discpvery;
_aFor the love of god
_aThe depth of simplicity
_v3, 7
500 _aIncluye referencias bibliográficas y notas al pie de páginas.
500 _aIncluye glosario de términos e índice
504 _aBibliografía : p. 103
505 0 _av.3
_tFor the love of God--
_gv.7--
_tThe depth of simplicity.
505 0 _av.7
_tThe depth of simplicity.
590 _aInventariado 2021 / MF
650 4 _95156
_aAmor de Dios
_xEnseñanza Bíblica
650 4 _97385
_aDios
_xCristianismo
650 4 _927402
_aVerdad (Teología)
650 4 _934724
_aBiblia
_xHistoria
650 4 _95157
_aBiblia A.T
_xComentarios
650 4 _944165
_aCristianismo
_xHistoria
830 0 _aManuel's notebook:A journery of Self-Discpvery;
_leng
_n3, 7
_pFor the love of god
_pThe depth of simplicity
_981391
910 _aMFeliz
942 _2ddc
_cLBS1
999 _c49818
_d49818